[Event "XVII Weekend B"]
[Site "Ceriano Laghetto ITA"]
[Date "2008.03.29"]
[Round "2"]
[White "Moroni, Luca"]
[Black "D'Alessio, Angelo"]
[Result "1/2-1/2"]
[WhiteElo "1850"]
[BlackElo "1961"]
[PlyCount "79"]
[EventDate "2008.03.28"]

1.Nf3 Nf6 2.d4 e6 3.Bf4 Be7 4.h3 O-O 5.e3 d5 6.Bd3 c5 7.c3 Nc6 8.O-O Qb6 
9.Qb3 Qxb3 10.axb3 Bd7 11.Nbd2 a6 12.Ne5 Nxe5 13.Bxe5 Bc6 14.Ra5 Nd7 15.
Nf3 f6 16.Bg3 Rae8 17.Re1 Bd8 18.Bd6 Rf7 19.dxc5 e5 20.Be2 f5 21.c4 e4 22.
Nd4 Ne5 23.Bxe5 Rxe5 24.Nxc6 bxc6 25.Rxa6 Rc7 26.cxd5 cxd5 27.Rd6 Be7 28.
Ra6 Rxc5 29.Rd1 Rc2 30.Bf1 Rxb2 31.Ra5 Rxb3 32.Raxd5 Rxd5 33.Rxd5 g6 34.
Rd7 Kf8 35.g3 Rb1 36.Kg2 h5 37.Bc4 Rb6 38.Ra7 Rd6 39.Ra6 Rxa6 40.Bxa6 
1/2-1/2

[Event "XVII Weekend B"]
[Site "Ceriano Laghetto ITA"]
[Date "2008.03.29"]
[Round "2"]
[White "Palminteri, Vincenzo"]
[Black "Casartelli, Fabio"]
[Result "1/2-1/2"]
[WhiteElo "1754"]
[BlackElo "1894"]
[PlyCount "89"]
[EventDate "2008.03.28"]

1.e4 e5 2.Nf3 Nf6 3.d4 Nxe4 4.Nxe5 d6 5.Nf3 d5 6.Bd3 Be7 7.O-O Bg4 8.Re1 
Nc6 9.c3 f5 10.Nbd2 O-O 11.Qb3 Na5 12.Qc2 Bd6 13.c4 Bxf3 14.Nxf3 Nxc4 15.
Bxc4 dxc4 16.Qxc4+ Kh8 17.Ne5 Bxe5 18.dxe5 Qe7 19.Bf4 g5 20.f3 gxf4 21.
fxe4 Rae8 22.exf5 Rxf5 23.e6 f3 24.Qd4+ Kg8 25.Qg4+ Qg5 26.gxf3 Kg7 27.
Qxg5+ Rxg5+ 28.Kf2 Kf6 29.Rad1 Rxe6 30.Rd7 Rxe1 31.Kxe1 Re5+ 32.Kf2 Re7 
33.Rxe7 Kxe7 34.Ke3 Kf6 35.Ke4 c6 36.f4 a5 37.a4 h5 38.h4 b5 39.axb5 cxb5 
40.Kd4 Kf5 41.Kc5 b4 42.Kb5 Kxf4 43.Kxa5 Kg4 44.Kxb4 Kxh4 45.Kc3 1/2-1/2

[Event "XVII Weekend B"]
[Site "Ceriano Laghetto ITA"]
[Date "2008.03.29"]
[Round "2"]
[White "Parenti, Davide"]
[Black "D'Apa, Massimo"]
[Result "1-0"]
[WhiteElo "1901"]
[BlackElo "1809"]
[PlyCount "92"]
[EventDate "2008.03.28"]

1.d4 Nf6 2.Nf3 g6 3.c3 Bg7 4.Bf4 d6 5.e3 Nbd7 6.Bc4 d5 7.Bd3 O-O 8.O-O Nh5
9.Bg5 f6 10.Bh4 g5 11.Bxg5 fxg5 12.Nxg5 Ndf6 13.Nxh7 Nxh7 14.Qxh5 Nf6 15.
Qg6 Bg4 16.f3 Bh5 17.Qg5 Kh8 18.Qh4 Rg8 19.Bg6 Bh6 20.Bxh5 Nxh5 21.Qxh5 
Qd6 22.f4 Qe6 23.Rf3 Rg7 24.Nd2 Rag8 25.g3 Qb6 26.b3 Rh7 27.Qxd5 Bg7 28.
Rf2 Qg6 29.Qf3 Bf6 30.Ne4 Bh4 31.Rg2 Rhg7 32.Rd1 Qc6 33.d5 Qb6 34.Rdd2 Bf6
35.Nxf6 exf6 36.Qe4 Qd6 37.c4 Qa3 38.Qd3 Rd8 39.Qc3 a5 40.Rd1 Rf7 41.Kh1 
c6 42.Rgd2 c5 43.d6 Rdd7 44.e4 b6 45.e5 fxe5 46.fxe5 Rd8 1-0

[Event "XVII Weekend B"]
[Site "Ceriano Laghetto ITA"]
[Date "2008.03.29"]
[Round "2"]
[White "Pepa, Syrja"]
[Black "De La Pena, Elmer"]
[Result "0-1"]
[WhiteElo "1839"]
[BlackElo "1948"]
[PlyCount "46"]
[EventDate "2008.03.28"]

1.e4 c5 2.Nf3 Nc6 3.d4 cxd4 4.Nxd4 g6 5.Nc3 Bg7 6.Be3 d6 7.Bc4 Nf6 8.f3 
O-O 9.Qd2 Bd7 10.O-O-O Rc8 11.Kb1 Nxd4 12.Qxd4 Ng4 13.Qxa7 Nxe3 14.Bxf7+ 
Rxf7 15.Qxe3 Qa5 16.Nd5 Be6 17.h4 Qb5 18.Qb6 Qe2 19.Ne3 Bh6 20.Rde1 Bxe3 
21.Qxe3 Qxc2+ 22.Ka1 Ra8 23.a3 Qc4 0-1

[Event "XVII Weekend B"]
[Site "Ceriano Laghetto ITA"]
[Date "2008.03.29"]
[Round "2"]
[White "Punteri, Marco"]
[Black "Rizzi, Pietro"]
[Result "1-0"]
[WhiteElo "1983"]
[BlackElo "1607"]
[PlyCount "53"]
[EventDate "2008.03.28"]

1.e4 c6 2.d4 d5 3.exd5 cxd5 4.c4 Nf6 5.Nc3 e6 6.Nf3 Bb4 7.Bg5 Qa5 8.Bd2 
Qd8 9.Bd3 Nc6 10.a3 Be7 11.Be3 Ng4 12.Bf4 Nf6 13.O-O Nh5 14.Be3 a6 15.Re1 
Nf6 16.Rc1 Bd6 17.cxd5 Ne7 18.dxe6 Bxe6 19.Bg5 h6 20.Bxf6 gxf6 21.Ne4 Nd5 
22.Nxd6+ Qxd6 23.Nd2 Nf4 24.Ne4 Qe7 25.Bc4 Rg8 26.Ng3 Rd8 27.Qf3 1-0

[Event "XVII Weekend B"]
[Site "Ceriano Laghetto ITA"]
[Date "2008.03.29"]
[Round "2"]
[White "Ragusa, Luigi"]
[Black "Conta, Diego"]
[Result "0-1"]
[WhiteElo "1735"]
[BlackElo "1890"]
[PlyCount "77"]
[EventDate "2008.03.28"]

1.c4 e6 2.e4 Nc6 3.Nc3 g6 4.Nge2 Bg7 5.g3 Ne5 6.Nf4 Nf6 7.d3 O-O 8.Bg2 c5 
9.O-O Nc6 10.Be3 Nd4 11.h3 a6 12.Qd2 d6 13.Nfe2 Nxe2+ 14.Nxe2 e5 15.Nc3 
Bd7 16.Bg5 Bc6 17.f4 Qc7 18.fxe5 Nd7 19.Be7 Nxe5 20.Bxf8 Rxf8 21.Kh2 Nd7 
22.Rae1 Nf6 23.Qg5 Nh5 24.Nd5 Bxd5 25.exd5 Bxb2 26.Re7 Qd8 27.Bf3 Bf6 28.
Qe3 Qxe7 29.Qf2 Bd4 30.Qg2 Ng7 31.Be4 f5 32.Bf3 Qe3 33.Be2 Re8 34.Bf3 Qxd3
35.g4 f4 36.h4 h6 37.Rd1 Qxc4 38.Be4 Rxe4 39.Qxe4 0-1

[Event "XVII Weekend B"]
[Site "Ceriano Laghetto ITA"]
[Date "2008.03.29"]
[Round "2"]
[White "Ronconi, Fausto"]
[Black "Colombo, Sandro"]
[Result "1/2-1/2"]
[WhiteElo "1733"]
[BlackElo "1859"]
[PlyCount "60"]
[EventDate "2008.03.28"]

1.d4 d5 2.c4 dxc4 3.Qa4+ Bd7 4.Qxc4 Nf6 5.Nf3 e6 6.Bf4 Nd5 7.Bd2 Nb6 8.Qc3
Be7 9.Ne5 Bf6 10.Nxd7 Qxd7 11.e3 c5 12.Qb3 cxd4 13.exd4 Bxd4 14.Bb5 Nc6 
15.O-O O-O 16.Nc3 Bxc3 17.Bxc3 Nd4 18.Bxd7 Nxb3 19.Rad1 Nxd7 20.Rxd7 Nc5 
21.Rd4 Rfd8 22.Rfd1 Rxd4 23.Rxd4 b6 24.f3 Kf8 25.Kf2 Ke8 26.Rh4 f6 27.Rxh7
Kf7 28.Rh4 Rd8 29.Rd4 Rxd4 30.Bxd4 Nd3+ 1/2-1/2

[Event "XVII Weekend B"]
[Site "Ceriano Laghetto ITA"]
[Date "2008.03.29"]
[Round "2"]
[White "Saffioti, Cristian"]
[Black "Marchesotti, Giovanni"]
[Result "1/2-1/2"]
[WhiteElo "1949"]
[BlackElo "1666"]
[PlyCount "92"]
[EventDate "2008.03.28"]

1.e4 c5 2.Nc3 e6 3.Nf3 a6 4.d4 cxd4 5.Nxd4 Qc7 6.Be3 Bb4 7.Qd2 Nf6 8.f3 
Bxc3 9.Qxc3 Qxc3+ 10.bxc3 d5 11.e5 Nfd7 12.f4 Nc6 13.c4 Nxd4 14.Bxd4 dxc4 
15.Bxc4 b5 16.Bd3 Bb7 17.O-O Rc8 18.a4 bxa4 19.Rfb1 Rc7 20.Rxa4 O-O 21.
Rab4 Bd5 22.R1b2 Rfc8 23.Bxa6 Ra8 24.Bb7 Rb8 25.Bxd5 Rxb4 26.Rxb4 exd5 27.
c3 Rc8 28.Rb5 Nf8 29.Rxd5 Ng6 30.g3 Ne7 31.Rd7 Nc6 32.e6 Nxd4 33.exf7+ Kf8
34.cxd4 g5 35.fxg5 h6 36.gxh6 Rc1+ 37.Kf2 Rc2+ 38.Kf3 Rc3+ 39.Kf4 Rf3+ 40.
Ke4 Rf4+ 41.Ke5 Rf5+ 42.Kd6 Rf6+ 43.Kc5 Rc6+ 44.Kd5 Rc5+ 45.Ke6 Re5+ 46.
Kf6 Re6+ 1/2-1/2

[Event "XVII Weekend B"]
[Site "Ceriano Laghetto ITA"]
[Date "2008.03.29"]
[Round "2"]
[White "Saffioti, Massimo"]
[Black "Regorda, Massimiliano"]
[Result "1-0"]
[WhiteElo "1820"]
[BlackElo "1906"]
[PlyCount "79"]
[EventDate "2008.03.28"]

1.c4 e5 2.Nc3 d6 3.g3 Nc6 4.Bg2 f5 5.d3 g6 6.e3 Nf6 7.Nge2 Bg7 8.Rb1 O-O 
9.b4 Ne7 10.Qb3 c6 11.O-O Be6 12.b5 d5 13.Ba3 Rf7 14.bxc6 bxc6 15.Rfe1 
dxc4 16.dxc4 Qb6 17.Qa4 Qc7 18.Bxe7 Rxe7 19.Bxc6 Rb8 20.Nd5 Nxd5 21.cxd5 
Bc8 22.Nc3 a6 23.Rxb8 Qxb8 24.Rb1 Qc7 25.d6 Qxd6 26.Rd1 Qb8 27.Rd8+ Bf8 
28.Bd5+ Kg7 29.Qc6 Qc7 30.Rxc8 Qxc6 31.Bxc6 Re6 32.Nd5 Rd6 33.Kf1 g5 34.
Ke2 h5 35.Nc3 h4 36.Bd5 hxg3 37.hxg3 Rb6 38.Rc7+ Kh8 39.Rb7 Rd6 40.Rf7 1-0

[Event "XVII Weekend B"]
[Site "Ceriano Laghetto ITA"]
[Date "2008.03.29"]
[Round "2"]
[White "Viale, Fabio"]
[Black "Azzolin, Lorenzo"]
[Result "0-1"]
[WhiteElo "1809"]
[BlackElo "1638"]
[PlyCount "50"]
[EventDate "2008.03.28"]

1.d4 Nf6 2.c4 e6 3.Nc3 Bb4 4.e3 O-O 5.Bd3 Nc6 6.Nf3 b6 7.O-O Bb7 8.Qc2 Ne7
9.e4 Ng6 10.a3 Bxc3 11.bxc3 h6 12.d5 e5 13.Rd1 d6 14.a4 Rc8 15.a5 c6 16.
Rb1 Ba8 17.axb6 axb6 18.Be3 cxd5 19.Bxb6 Qd7 20.cxd5 Nf4 21.Bb5 Qg4 22.Bf1
Nh3+ 23.Kh1 Qxe4 24.Qxe4 Nxf2+ 25.Kg1 N2xe4 0-1

[Event "XVII Weekend B"]
[Site "Ceriano Laghetto ITA"]
[Date "2008.03.29"]
[Round "3"]
[White "Caldarola, Stefano"]
[Black "Saffioti, Cristian"]
[Result "1/2-1/2"]
[WhiteElo "1739"]
[BlackElo "1949"]
[PlyCount "106"]
[EventDate "2008.03.28"]

1.d4 Nf6 2.c4 g6 3.Nc3 d5 4.Nf3 Bg7 5.Bg5 Ne4 6.Bf4 Nxc3 7.bxc3 c6 8.e3 
Qa5 9.Qb3 O-O 10.Qb4 Qxb4 11.cxb4 dxc4 12.Bxc4 Nd7 13.O-O Nb6 14.Bb3 Bf5 
15.Rac1 Be4 16.Nd2 Bd5 17.a3 Rfe8 18.Rfd1 e5 19.dxe5 Bxe5 20.Bxe5 Rxe5 21.
Bxd5 Rxd5 22.Ne4 Rxd1+ 23.Rxd1 a5 24.g3 axb4 25.axb4 Ra4 26.Nc5 Rxb4 27.
Nxb7 Nd5 28.Na5 Ne7 29.Rc1 Rb6 30.Nc4 Rb5 31.Nd6 Rd5 32.Ne8 Kf8 33.Nf6 Rb5
34.h4 Kg7 35.Ne8+ Kf8 36.Nf6 h5 37.Kg2 Rf5 38.Ne4 f6 39.Rc2 Kg7 40.Nd6 Rd5
41.Ne4 Kf7 42.Nd2 Ke6 43.Kf3 Kd7 44.Ne4 Ng8 45.Ke2 f5 46.Nc5+ Kd6 47.Nd3 
Kc7 48.Nf4 Rd6 49.Kf3 Ne7 50.e4 fxe4+ 51.Kxe4 Nd5 52.Ke5 Nb4 53.Rc3 Nd5 
1/2-1/2

[Event "XVII Weekend B"]
[Site "Ceriano Laghetto ITA"]
[Date "2008.03.29"]
[Round "3"]
[White "Casartelli, Fabio"]
[Black "Ronconi, Fausto"]
[Result "1-0"]
[WhiteElo "1894"]
[BlackElo "1733"]
[PlyCount "143"]
[EventDate "2008.03.28"]

1.e4 e6 2.d4 d5 3.exd5 exd5 4.Bd3 Bd6 5.Nc3 Nf6 6.Bg5 c6 7.Nge2 Bg4 8.O-O 
Nbd7 9.h3 Bh5 10.Qd2 O-O 11.Rae1 Qb6 12.Nd1 Ne4 13.Bxe4 dxe4 14.c3 f5 15.
Ne3 Qc7 16.Nc4 Bxe2 17.Rxe2 Bh2+ 18.Kh1 Rae8 19.f4 b5 20.Ne5 Nxe5 21.fxe5 
Bxe5 22.dxe5 Qxe5 23.Bf4 Qe6 24.Qd6 Qc4 25.Rfe1 Rd8 26.Qb4 Qxa2 27.Be5 Qe6
28.Bd4 Rd7 29.Ra1 Qd5 30.Qc5 Qxc5 31.Bxc5 Ra8 32.Ra6 g5 33.Rxc6 Re8 34.Kg1
f4 35.Kf2 e3+ 36.Kf3 Red8 37.Bd4 a5 38.Rc5 Rd5 39.Rc7 R8d7 40.Rc8+ Kf7 41.
g3 Rf5 42.gxf4 Rxf4+ 43.Kg3 b4 44.Rxe3 bxc3 45.Bxc3 a4 46.Rh8 Kg6 47.Rg8+ 
Kh5 48.Rg7 Rxg7 49.Bxg7 Rf7 50.Bd4 Rd7 51.Bc5 Rd5 52.Ba3 Rb5 53.Re4 Rb3+ 
54.Kg2 Rb6 55.Rxa4 h6 56.Rd4 Rc6 57.Rd3 Kh4 58.Rd6 Rc2+ 59.Kf3 Kh5 60.Ke4 
Rh2 61.Rd3 Re2+ 62.Kd5 Re8 63.b4 Rd8+ 64.Kc4 Rc8+ 65.Kb5 Kh4 66.Ka6 h5 67.
b5 g4 68.hxg4 hxg4 69.Bd6 Kh5 70.b6 Rc1 71.Rb3 Rc6 72.Bg3 1-0

[Event "XVII Weekend B"]
[Site "Ceriano Laghetto ITA"]
[Date "2008.03.29"]
[Round "3"]
[White "Cervini, Gian Piero"]
[Black "Azzolin, Lorenzo"]
[Result "1/2-1/2"]
[WhiteElo "1767"]
[BlackElo "1638"]
[PlyCount "58"]
[EventDate "2008.03.28"]

1.e4 c5 2.c3 Nf6 3.e5 Nd5 4.d4 cxd4 5.cxd4 Nc6 6.Nf3 d6 7.Nc3 Nb6 8.exd6 
Qxd6 9.Be3 Bg4 10.Be2 e6 11.O-O Be7 12.Ne4 Qd7 13.Ne5 Bxe2 14.Nxd7 Bxd1 
15.Nxb6 axb6 16.Rfxd1 O-O 17.d5 exd5 18.Rxd5 Rfe8 19.Nc3 Nb4 20.Rb5 Nc2 
21.Rd1 Nxe3 22.fxe3 Bc5 23.Nd5 Rad8 24.Kf2 Kf8 25.b4 Re5 26.bxc5 Rexd5 27.
Rxd5 Rxd5 28.Rxb6 Rd2+ 29.Kf3 Rxa2 1/2-1/2

[Event "XVII Weekend B"]
[Site "Ceriano Laghetto ITA"]
[Date "2008.03.29"]
[Round "3"]
[White "Clerici, Samuele"]
[Black "Libutti, Michele"]
[Result "0-1"]
[WhiteElo "1608"]
[BlackElo "1876"]
[PlyCount "84"]
[EventDate "2008.03.28"]

1.e4 c6 2.d4 d5 3.Nc3 dxe4 4.Nxe4 Bf5 5.Ng3 Bg6 6.Nf3 Nd7 7.Bd3 Bxd3 8.
Qxd3 Ngf6 9.O-O e6 10.Bf4 Nd5 11.Bg5 Be7 12.Bxe7 Nxe7 13.Rad1 O-O 14.Ne5 
Nxe5 15.dxe5 Ng6 16.f4 Qb6+ 17.Qd4 Rfd8 18.Qxb6 axb6 19.Rxd8+ Rxd8 20.Ne4 
Rd4 21.Nd6 Rxf4 22.Rxf4 Nxf4 23.Nxb7 Ng6 24.c4 Nxe5 25.c5 b5 26.b3 b4 27.
Na5 Kf8 28.Kf1 Ke7 29.Ke2 Kd7 30.Kd2 f5 31.h3 g5 32.Ke3 Nf7 33.Nc4 e5 34.
a4 bxa3 35.Nxa3 Ke6 36.b4 Kd5 37.Kd3 e4+ 38.Ke2 Ne5 39.Nc2 f4 40.Kd2 h5 
41.Ke2 Kc4 42.Kd2 Nd3 0-1

[Event "XVII Weekend B"]
[Site "Ceriano Laghetto ITA"]
[Date "2008.03.29"]
[Round "3"]
[White "Colombo, Sandro"]
[Black "Palminteri, Vincenzo"]
[Result "1-0"]
[WhiteElo "1859"]
[BlackElo "1754"]
[PlyCount "97"]
[EventDate "2008.03.28"]

1.c4 d6 2.Nc3 e5 3.d4 Nf6 4.dxe5 dxe5 5.Qxd8+ Kxd8 6.Bg5 Be6 7.O-O-O+ Nd7 
8.Nf3 h6 9.Bh4 g5 10.Bg3 e4 11.Be5 Kc8 12.Rxd7 Nxd7 13.Bxh8 exf3 14.exf3 
c6 15.Bd4 Kc7 16.Bd3 Nc5 17.Bxc5 Bxc5 18.Ne4 Bd4 19.Re1 Rd8 20.b3 Bxf2 21.
Nxf2 h5 22.Kc2 Rg8 23.Ne4 g4 24.f4 h4 25.Nf6 Rd8 26.f5 Bc8 27.Re7+ Kd6 28.
Rxf7 g3 29.hxg3 hxg3 30.Ne4+ Ke5 31.Nxg3 Rg8 32.Re7+ Kf6 33.Re3 b6 34.Nh5+
Kf7 35.Rg3 Rh8 36.Rg7+ Kf8 37.Rxa7 Rxh5 38.Ra8 Ke7 39.Rxc8 c5 40.Rc6 Rg5 
41.Be4 Rg4 42.f6+ Kf8 43.Bd5 Ke8 44.f7+ Ke7 45.Re6+ Kf8 46.Re8+ Kg7 47.
Rg8+ Kf6 48.f8=Q+ Ke5 49.Rxg4 1-0

[Event "XVII Weekend B"]
[Site "Ceriano Laghetto ITA"]
[Date "2008.03.29"]
[Round "3"]
[White "D'Alessio, Angelo"]
[Black "Saffioti, Massimo"]
[Result "0-1"]
[WhiteElo "1961"]
[BlackElo "1820"]
[PlyCount "120"]
[EventDate "2008.03.28"]

1.d4 d5 2.c4 e6 3.cxd5 exd5 4.Nc3 c6 5.Bf4 Bb4 6.a3 Ba5 7.e3 Ne7 8.Bd3 Ng6
9.Ne2 O-O 10.O-O Nxf4 11.Nxf4 Nd7 12.Rc1 Bc7 13.Bb1 Bxf4 14.exf4 Nf6 15.
Qd3 g6 16.Qd2 Be6 17.Rfe1 Qd7 18.h3 Rfe8 19.Re5 Nh5 20.f5 Bxf5 21.Bxf5 
gxf5 22.Qg5+ Ng7 23.Rce1 Rxe5 24.Rxe5 Re8 25.f4 Re6 26.Qg3 f6 27.Re3 Rxe3 
28.Qxe3 Ne8 29.Qg3+ Qg7 30.Qe3 Qf7 31.Na4 Nd6 32.Nc5 Ne4 33.Nd3 Qg7 34.Kh2
h5 35.Nc5 h4 36.a4 Qg3+ 37.Qxg3+ Nxg3 38.Nxb7 Ne2 39.Nd6 Nxd4 40.g3 hxg3+ 
41.Kxg3 c5 42.Kf2 Kg7 43.Nc8 Nc6 44.Nd6 Ne7 45.Ke3 Kg6 46.Ne8 Kh5 47.Ng7+ 
Kh4 48.Ne6 c4 49.Kd4 Kxh3 50.Nc7 Kg4 51.Ne6 Kg3 52.a5 Ng6 53.Kxd5 Nxf4+ 
54.Nxf4 Kxf4 55.Kc6 Ke3 56.a6 f4 57.Kb7 f3 58.Kxa7 f2 59.Kb8 f1=Q 60.a7 
Qh1 0-1

[Event "XVII Weekend B"]
[Site "Ceriano Laghetto ITA"]
[Date "2008.03.29"]
[Round "3"]
[White "D'Apa, Massimo"]
[Black "Basilico, Davide"]
[Result "1-0"]
[WhiteElo "1809"]
[BlackElo "1698"]
[PlyCount "48"]
[EventDate "2008.03.28"]

1.e4 e5 2.f4 exf4 3.Nf3 d5 4.exd5 Qxd5 5.Be2 Nf6 6.O-O Bc5+ 7.d4 Bb6 8.
Bxf4 Nc6 9.c3 Bf5 10.Nbd2 Ne7 11.Bc4 Qd8 12.Ng5 Bg6 13.Be5 Ned5 14.Bxf6 
gxf6 15.Re1+ Ne7 16.Nge4 Bxd4+ 17.cxd4 Qxd4+ 18.Kh1 Rd8 19.Qa4+ c6 20.Nf3 
Qb6 21.Nxf6+ Kf8 22.Ne5 Qf2 23.Ned7+ Rxd7 24.Nxd7+ Ke8 1-0

[Event "XVII Weekend B"]
[Site "Ceriano Laghetto ITA"]
[Date "2008.03.29"]
[Round "3"]
[White "De La Pena, Elmer"]
[Black "Moroni, Luca"]
[Result "1-0"]
[WhiteElo "1948"]
[BlackElo "1850"]
[PlyCount "53"]
[EventDate "2008.03.28"]

1.d4 Nf6 2.Nf3 g6 3.Nc3 d6 4.e4 Bg7 5.Be3 O-O 6.Qd2 Nbd7 7.Bh6 e5 8.Bxg7 
Kxg7 9.O-O-O Qe7 10.h3 exd4 11.Qxd4 Ne5 12.Kb1 Nxf3 13.gxf3 Qe5 14.Qd2 Be6
15.f4 Qc5 16.f5 Bc4 17.Bd3 Bxd3 18.cxd3 b5 19.Rc1 Qb6 20.h4 Qd4 21.Ne2 Qe5
22.f4 Qe7 23.Rce1 Qd7 24.Qb4 gxf5 25.Qc3 c5 26.Rhg1+ Kh8 27.Qxf6# 1-0

[Event "XVII Weekend B"]
[Site "Ceriano Laghetto ITA"]
[Date "2008.03.29"]
[Round "3"]
[White "Guzzetti, Luigi Enrico"]
[Black "Pepa, Syrja"]
[Result "1/2-1/2"]
[WhiteElo "1933"]
[BlackElo "1839"]
[PlyCount "129"]
[EventDate "2008.03.28"]

1.e4 e5 2.Nf3 Nc6 3.Bb5 a6 4.Ba4 Nf6 5.O-O Be7 6.Re1 d6 7.c3 b5 8.Bb3 O-O 
9.a3 Na5 10.Bc2 c5 11.d4 Qc7 12.Nbd2 c4 13.Nf1 Re8 14.Ng3 Bd7 15.Nh4 g6 
16.Bg5 Nd5 17.Bxe7 Nxe7 18.Qd2 Kg7 19.Rad1 Rad8 20.f4 f6 21.fxe5 dxe5 22.
Qe3 Bc8 23.Rd2 Qb6 24.Nf3 Nec6 25.Kf2 Nb7 26.Red1 exd4 27.cxd4 Nd6 28.h4 
Nf5 29.Nxf5+ Bxf5 30.d5 Qxe3+ 31.Kxe3 Nb8 32.Kf4 Bc8 33.g4 Nd7 34.a4 Ne5 
35.axb5 axb5 36.Nxe5 fxe5+ 37.Kg3 Rd6 38.Ra1 Rf8 39.Ra7+ Bd7 40.Rb7 Rf1 
41.Rf2 Rxf2 42.Kxf2 Kf6 43.g5+ Ke7 44.Bd1 Kf8 45.Kg3 Be8 46.Rxh7 Rb6 47.
Rc7 Ra6 48.Bg4 Ra2 49.d6 Rxb2 50.d7 Bxd7 51.Bxd7 Rb3+ 52.Kf2 c3 53.Ke3 b4 
54.Kd3 Rb2 55.Ba4 Rd2+ 56.Ke3 Ra2 57.Bb3 Rb2 58.Bd5 Rh2 59.Bb3 Rb2 60.Bd1 
Rd2 61.Be2 Rb2 62.Bd3 Rh2 63.Rc6 Rh3+ 64.Ke2 Rh2+ 65.Ke3 1/2-1/2

[Event "XVII Weekend B"]
[Site "Ceriano Laghetto ITA"]
[Date "2008.03.29"]
[Round "3"]
[White "Mancin, Mariano"]
[Black "Parenti, Davide"]
[Result "1-0"]
[WhiteElo "1876"]
[BlackElo "1901"]
[PlyCount "85"]
[EventDate "2008.03.28"]

1.e4 d5 2.exd5 Nf6 3.Bb5+ Bd7 4.Be2 Nxd5 5.d4 e6 6.Nf3 Be7 7.O-O O-O 8.c4 
Nb6 9.Nc3 Bf6 10.Be3 Nc6 11.Qd2 Re8 12.Rad1 g6 13.Rfe1 Ne7 14.Ne4 Nf5 15.
Nxf6+ Qxf6 16.Bf4 Rac8 17.Be5 Qe7 18.h3 f6 19.Bh2 Qf8 20.g4 Ne7 21.b3 Nc6 
22.Bf1 Qg7 23.Bg2 Re7 24.d5 exd5 25.c5 Rxe1+ 26.Rxe1 Na8 27.Qxd5+ Kf8 28.
Nd4 Nxd4 29.Qxd4 b6 30.c6 Be8 31.Qb4+ Kg8 32.Re7 Qh6 33.Bf4 g5 34.Be3 Bf7 
35.Kh2 Qf8 36.Qe4 Re8 37.Rxe8 Qxe8 38.Qd3 Qe5+ 39.Kg1 Qa1+ 40.Bf1 Qe5 41.
Qd8+ Qe8 42.Qxf6 Qf8 43.Bd4 1-0

[Event "XVII Weekend B"]
[Site "Ceriano Laghetto ITA"]
[Date "2008.03.29"]
[Round "3"]
[White "Marcangeli, Alessandro"]
[Black "Beltrami, Chiara"]
[Result "1/2-1/2"]
[WhiteElo "1658"]
[BlackElo "1658"]
[PlyCount "99"]
[EventDate "2008.03.28"]

1.d4 d5 2.Nf3 Nf6 3.Bf4 e6 4.e3 c5 5.c3 Nbd7 6.Bd3 Be7 7.h3 b6 8.Nbd2 Bb7 
9.O-O O-O 10.Qe2 Ne4 11.Bxe4 dxe4 12.Ne5 Rc8 13.f3 Nxe5 14.dxe5 exf3 15.
Nxf3 Qc7 16.Rad1 a6 17.Qf2 b5 18.Qg3 Kh8 19.Qg4 Bd5 20.Rxd5 exd5 21.e6 Bd6
22.Bxd6 Qxd6 23.Ng5 f6 24.Nf7+ Rxf7 25.exf7 Rf8 26.Rd1 Rd8 27.h4 g6 28.Qf3
Kg7 29.f8=B+ Kxf8 30.g4 Qe6 31.g5 f5 32.Rd2 Ke7 33.Kg2 Qe4 34.Kg3 Qxf3+ 
35.Kxf3 Kd6 36.b3 Kc6 37.h5 Re8 38.hxg6 hxg6 39.Rh2 a5 40.Rh6 Re6 41.Rh8 
b4 42.cxb4 axb4 43.Rc8+ Kb6 44.Rd8 c4 45.Rxd5 c3 46.Rd4 Re4 47.Rxe4 fxe4+ 
48.Ke2 Kc5 49.Kd1 Kb5 50.Kc1 1/2-1/2

[Event "XVII Weekend B"]
[Site "Ceriano Laghetto ITA"]
[Date "2008.03.29"]
[Round "3"]
[White "Marchesotti, Giovanni"]
[Black "Bernasconi, Roberto"]
[Result "0-1"]
[WhiteElo "1666"]
[BlackElo "1940"]
[PlyCount "46"]
[EventDate "2008.03.28"]

1.g3 Nf6 2.Nf3 d5 3.Bg2 Bf5 4.d3 h6 5.Nbd2 e6 6.O-O Be7 7.h3 O-O 8.c3 c6 
9.Re1 Nbd7 10.e4 dxe4 11.Nxe4 Nd5 12.a3 a5 13.c4 N5f6 14.Bf4 Nxe4 15.dxe4 
Bh7 16.Ne5 Nf6 17.Qc2 Qb6 18.Be3 c5 19.Rad1 Rfd8 20.Rd2 Rxd2 21.Bxd2 Rd8 
22.f3 Nd7 23.Nxd7 Rxd7 0-1

[Event "XVII Weekend B"]
[Site "Ceriano Laghetto ITA"]
[Date "2008.03.29"]
[Round "3"]
[White "Oteri, Aldo"]
[Black "Carbone, Lorenzo"]
[Result "0-1"]
[WhiteElo "1887"]
[BlackElo "1746"]
[PlyCount "56"]
[EventDate "2008.03.28"]

1.e4 c5 2.Nf3 d6 3.d4 cxd4 4.Nxd4 Nf6 5.Nc3 e6 6.g4 Be7 7.g5 Nfd7 8.h4 a6 
9.Rg1 b5 10.a3 Bb7 11.h5 Nc6 12.g6 Nxd4 13.gxf7+ Kf8 14.Qxd4 Ne5 15.Be2 
Bf6 16.Qe3 h6 17.Qh3 Kxf7 18.Be3 Rc8 19.O-O-O Nc4 20.Bxc4 Rxc4 21.Qg4 Ke7 
22.Qg6 Qc7 23.f3 Rxc3 24.bxc3 Qxc3 25.Rd3 Qc4 26.Qg3 e5 27.Qe1 Rc8 28.Rg2 
Qxd3 0-1

[Event "XVII Weekend B"]
[Site "Ceriano Laghetto ITA"]
[Date "2008.03.29"]
[Round "3"]
[White "Rabbiosi, Carlo"]
[Black "Punteri, Marco"]
[Result "0-1"]
[WhiteElo "1838"]
[BlackElo "1983"]
[PlyCount "58"]
[EventDate "2008.03.28"]

1.e4 c5 2.Nf3 Nc6 3.d4 cxd4 4.Nxd4 Nf6 5.f3 e5 6.Nb3 d5 7.exd5 Nxd5 8.Bc4 
Qh4+ 9.Kf1 Qxc4+ 10.Qe2 Qxe2+ 11.Kxe2 Be6 12.N1d2 Be7 13.Ne4 b6 14.h4 f6 
15.c3 O-O 16.g4 Nd8 17.g5 f5 18.Ng3 Nb7 19.Bd2 Nd6 20.Rae1 f4 21.Nf1 a5 
22.Kf2 a4 23.Nc1 Nc4 24.Nd3 Bd6 25.Bc1 Bf5 26.Rd1 a3 27.Nxe5 Nxe5 28.Rxd5 
Bc5+ 29.Kg2 Nd7 0-1

[Event "XVII Weekend B"]
[Site "Ceriano Laghetto ITA"]
[Date "2008.03.29"]
[Round "3"]
[White "Ragusa, Luigi"]
[Black "Madaschi, Sergio"]
[Result "1-0"]
[WhiteElo "1735"]
[BlackElo "1600"]
[PlyCount "36"]
[EventDate "2008.03.28"]

1.c4 e5 2.Nc3 Nf6 3.g3 Nc6 4.Bg2 d6 5.d3 g6 6.e4 Bg7 7.Nge2 Be6 8.O-O Qd7 
9.Nd5 O-O 10.Bg5 Ne8 11.Qd2 f6 12.Be3 f5 13.Bg5 Bf6 14.Nxf6+ Nxf6 15.Nc3 
b6 16.Nd5 Ne7 17.Nxe7+ Qxe7 18.b4 Rab8 1-0

[Event "XVII Weekend B"]
[Site "Ceriano Laghetto ITA"]
[Date "2008.03.29"]
[Round "3"]
[White "Regorda, Massimiliano"]
[Black "Margstahler, Francesco"]
[Result "1/2-1/2"]
[WhiteElo "1906"]
[BlackElo "1764"]
[PlyCount "91"]
[EventDate "2008.03.28"]

1.e4 c6 2.d4 d5 3.Nc3 dxe4 4.Nxe4 Bf5 5.Ng3 Bg6 6.h4 h6 7.h5 Bh7 8.Nf3 Nd7
9.Bd3 Bxd3 10.Qxd3 e6 11.O-O Ngf6 12.Be3 Bd6 13.Ne4 Nxe4 14.Qxe4 Nf6 15.
Qh4 Qa5 16.g4 O-O-O 17.a3 Qd5 18.Nd2 e5 19.dxe5 Bxe5 20.Nb3 Qf3 21.Nd2 
Qxg4+ 22.Qxg4+ Nxg4 23.Nc4 Nxe3 24.fxe3 Bf6 25.e4 Rhe8 26.e5 Bxe5 27.Rxf7 
Bd4+ 28.Kh1 Rd5 29.c3 Rxh5+ 30.Kg2 Rg5+ 31.Kf3 Bc5 32.b4 Rf8 33.Rxf8+ Bxf8
34.Re1 Rf5+ 35.Kg4 g6 36.Re6 h5+ 37.Kg3 g5 38.Na5 Kc7 39.Re8 Bd6+ 40.Kg2 
h4 41.Rg8 Bf4 42.Rg7+ Kc8 43.Nxb7 Rf6 44.Nc5 Be3 45.Ne4 Rf4 46.Nc5 1/2-1/2

[Event "XVII Weekend B"]
[Site "Ceriano Laghetto ITA"]
[Date "2008.03.29"]
[Round "3"]
[White "Rizzi, Pietro"]
[Black "Viale, Fabio"]
[Result "0-1"]
[WhiteElo "1607"]
[BlackElo "1809"]
[PlyCount "76"]
[EventDate "2008.03.28"]

1.e4 c5 2.c3 Nf6 3.e5 Nd5 4.d4 cxd4 5.Nf3 Nc6 6.cxd4 d6 7.Be2 g6 8.Nc3 
Nxc3 9.bxc3 dxe5 10.Nxe5 Nxe5 11.dxe5 Qa5 12.O-O Bg7 13.f4 O-O 14.Qb3 Qc5+
15.Kh1 Qc7 16.Qc4 Qxc4 17.Bxc4 Bf5 18.Bb2 b5 19.Be2 Rfd8 20.Bf3 Rac8 21.g4
Be6 22.Rfd1 Bc4 23.Ba3 e6 24.Bd6 Rd7 25.a4 bxa4 26.Rd4 Bb5 27.c4 Rxc4 28.
Rxc4 Bxc4 29.Rxa4 Bb5 30.Ra1 Bf8 31.Rd1 Bxd6 32.Rxd6 Rxd6 33.exd6 Kf8 34.
h4 Ke8 35.h5 Kd7 36.h6 Kxd6 37.f5 exf5 38.gxf5 Bc6 0-1

[Event "XVII Weekend B"]
[Site "Ceriano Laghetto ITA"]
[Date "2008.03.29"]
[Round "3"]
[White "Stella, Luca"]
[Black "Cardani, Roberto"]
[Result "1/2-1/2"]
[WhiteElo "1848"]
[BlackElo "1927"]
[PlyCount "64"]
[EventDate "2008.03.28"]

1.e4 c5 2.Nf3 d6 3.d4 cxd4 4.Nxd4 Nf6 5.Nc3 a6 6.Bg5 e6 7.f4 Qb6 8.Nb3 
Nbd7 9.Be2 Be7 10.Qd2 Qc7 11.Bf3 Rb8 12.O-O-O b5 13.g4 b4 14.Ne2 Bb7 15.
Bxf6 Nxf6 16.Ng3 d5 17.e5 Ne4 18.Bxe4 dxe4 19.Rhe1 O-O 20.Nxe4 Bxe4 21.
Rxe4 Rfd8 22.Rd4 a5 23.Rd7 Rxd7 24.Qxd7 Qxd7 25.Rxd7 Bd8 26.Kd2 Bb6 27.Nd4
Kf8 28.Nb5 Ke8 29.Rd3 Bg1 30.Nd6+ Ke7 31.h3 Bh2 32.Ke3 g5 1/2-1/2

[Event "XVII Weekend B"]
[Site "Ceriano Laghetto ITA"]
[Date "2008.03.30"]
[Round "4"]
[White "Azzolin, Lorenzo"]
[Black "Rabbiosi, Carlo"]
[Result "1-0"]
[WhiteElo "1638"]
[BlackElo "1838"]
[PlyCount "83"]
[EventDate "2008.03.28"]

1.e4 e5 2.Nf3 Nc6 3.Bb5 a6 4.Bxc6 dxc6 5.O-O Bd6 6.Re1 Bg4 7.d3 Nf6 8.Be3 
Qd7 9.Nbd2 O-O-O 10.Nc4 Qe7 11.h3 Bh5 12.Bg5 h6 13.Bh4 g5 14.Bg3 g4 15.
hxg4 Bxg4 16.Bxe5 Bxe5 17.Ncxe5 Bxf3 18.Nxf3 h5 19.Qd2 h4 20.e5 Nd5 21.Qg5
Qd7 22.c4 Rdg8 23.e6 fxe6 24.Qe5 Nb4 25.Rad1 Nxd3 26.Qc3 h3 27.Rxd3 hxg2 
28.Qxh8 Rxh8 29.Rxd7 Rh1+ 30.Kxg2 Rxe1 31.Rd2 Re4 32.b3 b6 33.Kf1 Kb7 34.
Re2 Rxe2 35.Kxe2 c5 36.Ne5 c6 37.Ke3 a5 38.Ke4 b5 39.Nd3 Kb6 40.Ke5 b4 41.
Kxe6 a4 42.f4 1-0